00971cam a2200265Ia 4500008004100000020002300041049000900064090001500073245014000088250001200228260006800240300002800308504004100336650001800377700002300395700002100418700002900439907003500468003000100503005001700504040000900521942002200530999001700552952013600569  a0958509778 (pbk. ) aMAIN aJC571bCOM10aCompendium of key human rights documents of the african unioncCenter for Human Rights; edited by Christof Heyns and Magnus Killander.  a2nd ed. aPretoria, South Africa :bPretoria University Law Press,c2006. aviii, 315 p. ;c30 cm. aIncludes bibliographical references. 0aHuman rights. aKillander, Magnus. aHeyns, Christof.1 aCenter for Human Rights. a.b10242016b18-03-13c03-05-0720230120153122.0 cNUST cBOOKSkJC571mCOM c99107d99107 r2023-01-20 00:00:00l4oJC571 COMp92004009673v80.00w2023-01-20y3HOUR102LCC40708NFIC00aMAINbMAINcGENd2023-01-20g80.00